[Event "Gibtelecom Masters"]
[Site "Gibraltar"]
[Date "2008.01.22"]
[Round "1.2"]
[White "Paehtz, Elisabeth"]
[Black "Bu, Xiangzhi"]
[Result "0-1"]
[WhiteElo "2420"]
[BlackElo "2691"]
[PlyCount "108"]
[EventDate "2008.01.22"]

1. e4 c5 2. Nf3 d6 3. d4 cxd4 4. Nxd4 Nf6 5. Nc3 a6 6. Bg5 e6 7. f4 Nbd7 8. Qf3
Qc7 9. O-O-O b5 10. Bd3 Bb7 11. Rhe1 O-O-O 12. f5 e5 13. Nb3 Be7 14. Kb1 Kb8
15. a4 bxa4 16. Nxa4 d5 17. exd5 Bb4 18. Re4 Qd6 19. c3 Nxe4 20. Bxe4 Rc8 21.
Be3 Rc4 22. Nd2 Rcc8 23. cxb4 Qxb4 24. b3 Rc7 25. Bf2 Nf6 26. Qe3 Bxd5 27. Bxd5
Nxd5 28. Qxe5 Rd8 29. Bg3 Ka8 30. Qe4 Rb7 31. Qxb4 Nxb4 32. Be5 Nc6 33. Bxg7
Rxb3+ 34. Nxb3 Rxd1+ 35. Kb2 Rg1 36. g3 Rg2+ 37. Ka3 Rxh2 38. Nac5 Rf2 39. Nxa6
Rxf5 40. Bf8 Rf3 41. Ka4 Rxg3 42. Nbc5 Rg4+ 43. Kb5 Nd4+ 44. Kb6 Rg6+ 45. Kc7
h5 46. Kd7 h4 47. Nc7+ Ka7 48. Nd3 Nf3 49. Bc5+ Kb7 50. Nb5 h3 51. Nd6+ Ka6 52.
Nf2 Ne5+ 53. Kd8 h2 54. Nde4 f5 0-1

[Event "Gibtelecom Masters"]
[Site "Gibraltar"]
[Date "2008.01.22"]
[Round "1.3"]
[White "Ni Hua"]
[Black "Bradford, Joseph M"]
[Result "1-0"]
[WhiteElo "2680"]
[BlackElo "2419"]
[PlyCount "95"]
[EventDate "2008.01.22"]

1. e4 e6 2. d4 d5 3. Nd2 Nf6 4. e5 Nfd7 5. Bd3 c5 6. c3 Nc6 7. Ne2 cxd4 8. cxd4
f6 9. Nf4 Qe7 10. Nf3 fxe5 11. dxe5 Ndxe5 12. Nxe5 Nxe5 13. Qh5+ Nf7 14. O-O g6
15. Bb5+ Bd7 16. Bxd7+ Qxd7 17. Qh3 O-O-O 18. Qxe6 Bg7 19. Re1 Rhe8 20. Qxd7+
Kxd7 21. Bd2 d4 22. Nd3 b6 23. Bf4 Rc8 24. h4 a5 25. g4 Bf8 26. Kg2 Bd6 27. Kf3
Bxf4 28. Kxf4 Kd6 29. Rad1 Kd5 30. Kg3 Kc4 31. Nf4 Rxe1 32. Rxe1 Rc5 33. Re7
Ne5 34. Re6 Nd3 35. Rxb6 Nxf4 36. Kxf4 Kd3 37. Rb3+ Kc2 38. Ke4 a4 39. Ra3 Rc4
40. Rd3 Kxb2 41. Rxd4 Rxd4+ 42. Kxd4 a3 43. Kd3 Kxa2 44. Kc2 h5 45. g5 Ka1 46.
f4 Ka2 47. f5 Ka1 48. Kb3 1-0

[Event "Gibtelecom Masters"]
[Site "Gibraltar"]
[Date "2008.01.22"]
[Round "1.8"]
[White "Rendle, Thomas E"]
[Black "Areshchenko, Alexander"]
[Result "0-1"]
[WhiteElo "2393"]
[BlackElo "2645"]
[PlyCount "80"]
[EventDate "2008.01.22"]

1. e4 c5 2. Nc3 a6 3. f4 e6 4. Nf3 d5 5. d3 Nc6 6. g4 Nf6 7. g5 dxe4 8. dxe4
Qxd1+ 9. Kxd1 Nd7 10. h4 b5 11. a4 b4 12. Nb1 Bb7 13. Nbd2 Na5 14. Rh3 O-O-O
15. Ke1 Bd6 16. Nb3 Nxb3 17. cxb3 e5 18. fxe5 Nxe5 19. Be3 Rhe8 20. Rc1 Nxf3+
21. Rxf3 Bxe4 22. Bxa6+ Kb8 23. Kf2 Bxf3 24. Kxf3 Re5 25. Bb5 f6 26. Rc4 fxg5
27. hxg5 Rf8+ 28. Ke2 Be7 29. Rg4 h5 30. gxh6 gxh6 31. Bd3 Bg5 32. Be4 Bxe3 33.
Kxe3 Rg5 34. Rh4 Rg3+ 35. Ke2 Rxb3 36. Rxh6 Re8 37. Rh4 c4 38. Kd1 Rxb2 39. Bc6
Rd8+ 40. Kc1 c3 0-1

[Event "Gibtelecom Masters"]
[Site "Gibraltar"]
[Date "2008.01.22"]
[Round "1.9"]
[White "Beliavsky, Alexander G"]
[Black "Aloma Vidal, Robert"]
[Result "1-0"]
[WhiteElo "2638"]
[BlackElo "2393"]
[PlyCount "81"]
[EventDate "2008.01.22"]

1. d4 Nf6 2. c4 g6 3. f3 Bg7 4. e4 d6 5. Nc3 O-O 6. Bg5 c5 7. d5 e6 8. Qd2 h6
9. Be3 a6 10. dxe6 Bxe6 11. O-O-O Nc6 12. Bxh6 Bxh6 13. Qxh6 b5 14. h4 Nh5 15.
Nh3 Qf6 16. Ng5 Rfb8 17. Qh7+ Kf8 18. Nxe6+ fxe6 19. Qh6+ Ke7 20. Qg5 Nd4 21.
Ne2 Nxe2+ 22. Bxe2 Qxg5+ 23. hxg5 e5 24. Rd2 b4 25. f4 exf4 26. Bxh5 gxh5 27.
Rd5 Rg8 28. Rxh5 Rg6 29. e5 dxe5 30. Rxe5+ Kd6 31. Rd5+ Kc6 32. Rf5 Re8 33. Rh6
Ree6 34. Rxg6 Rxg6 35. Kc2 Re6 36. Kd2 Re3 37. g4 Re4 38. g6 f3 39. g5 f2 40.
g7 Re8 41. Rf6+ 1-0

[Event "Gibtelecom Masters"]
[Site "Gibraltar"]
[Date "2008.01.22"]
[Round "1.10"]
[White "Wang Yu A"]
[Black "Efimenko, Zahar"]
[Result "1/2-1/2"]
[WhiteElo "2391"]
[BlackElo "2638"]
[PlyCount "126"]
[EventDate "2008.01.22"]

1. e4 c5 2. Nf3 d6 3. d4 cxd4 4. Nxd4 Nf6 5. Nc3 a6 6. Be3 e5 7. Nf3 Be7 8. Bc4
O-O 9. O-O Nc6 10. Re1 b5 11. Bd5 Bd7 12. a3 Rc8 13. Ba2 Bg4 14. h3 Bh5 15. Nd5
Nxd5 16. Bxd5 Bf6 17. c3 Na5 18. a4 Nc4 19. axb5 axb5 20. b3 Nxe3 21. Rxe3 Qb6
22. Rd3 Kh8 23. Qc1 b4 24. c4 Bd8 25. g4 Bg6 26. Qe1 h6 27. Ra4 Rb8 28. Rd1 Bh7
29. Qd2 Qc5 30. Ne1 h5 31. Nd3 Qc8 32. Qe2 g6 33. Rxb4 Rxb4 34. Nxb4 hxg4 35.
hxg4 f5 36. Ra1 Qc5 37. Nc6 Bh4 38. b4 Qb6 39. c5 dxc5 40. Ra6 Qc7 41. exf5
gxf5 42. Ra7 Qd6 43. Qxe5+ Qxe5 44. Nxe5 fxg4 45. Nf7+ Kg7 46. bxc5 Kf6 47.
Ra6+ Kg7 48. c6 Be4 49. Bxe4 Rxf7 50. Ra2 Bd8 51. Kg2 Kh6 52. Rd2 Bc7 53. Rd5
Rf4 54. Rd7 Bb6 55. Rb7 Rxe4 56. Rxb6 Rc4 57. c7+ Kg5 58. Rb7 Rc2 59. Kf1 Kf4
60. Kg2 g3 61. Rb4+ Kf5 62. Kxg3 Rxc7 63. Rb5+ Kf6 1/2-1/2

[Event "Gibtelecom Masters"]
[Site "Gibraltar"]
[Date "2008.01.22"]
[Round "1.11"]
[White "Socko, Bartosz"]
[Black "Foisor, Sabina-Francesca"]
[Result "1-0"]
[WhiteElo "2635"]
[BlackElo "2386"]
[PlyCount "85"]
[EventDate "2008.01.22"]

1. d4 d5 2. c4 c6 3. Nf3 Nf6 4. e3 a6 5. Nbd2 g6 6. Ne5 Nbd7 7. f4 Bg7 8. Be2
O-O 9. b3 Ne4 10. Nxe4 dxe4 11. Nxd7 Bxd7 12. Bb2 c5 13. Qd2 cxd4 14. Bxd4 e5
15. Bxe5 Bxe5 16. fxe5 Bc6 17. Qxd8 Raxd8 18. e6 fxe6 19. Rf1 a5 20. Rd1 Rxd1+
21. Kxd1 Rxf1+ 22. Bxf1 b6 23. Kc2 Kf7 24. b4 Ke7 25. Kb3 e5 26. b5 Bd7 27. c5
bxc5 28. Bc4 Kd6 29. Ka4 Kc7 30. Kxa5 Kb7 31. Bd5+ Ka7 32. b6+ Kb8 33. Bxe4 Be8
34. Bd5 g5 35. Ka6 h5 36. b7 c4 37. Bxc4 Bc6 38. g3 h4 39. Kb6 Bxb7 40. a4 hxg3
41. hxg3 Ka8 42. Bb5 Kb8 43. Bc6 1-0

[Event "Gibtelecom Masters"]
[Site "Gibraltar"]
[Date "2008.01.22"]
[Round "1.12"]
[White "Bellin, Robert"]
[Black "Mikhalevski, Victor"]
[Result "1/2-1/2"]
[WhiteElo "2385"]
[BlackElo "2632"]
[PlyCount "84"]
[EventDate "2008.01.22"]

1. Nf3 Nf6 2. b3 d6 3. Bb2 e5 4. d3 g6 5. c4 Bg7 6. g3 O-O 7. Bg2 Nc6 8. O-O
Nh5 9. Nc3 f5 10. Nd2 Be6 11. Nd5 Qd7 12. b4 Nd8 13. Nc3 Nf6 14. Qa4 Qf7 15. b5
g5 16. Qd1 Ng4 17. h3 Nf6 18. a4 Rc8 19. a5 b6 20. axb6 axb6 21. Ra7 f4 22.
Nce4 Nxe4 23. Nxe4 Qg6 24. g4 h5 25. Bf3 hxg4 26. Bxg4 Bxg4 27. hxg4 f3 28.
exf3 Ne6 29. Bc1 Nd4 30. Kg2 Nxf3 31. Qxf3 Rxf3 32. Kxf3 d5 33. cxd5 Qf7+ 34.
Ke2 Qxd5 35. Bxg5 Qxb5 36. Rc1 Qb2+ 37. Bd2 c5 38. Nd6 Bh6 39. Nc4 Bxd2 40.
Nxb2 Bxc1 41. Nc4 b5 42. Nxe5 Re8 1/2-1/2

[Event "Gibtelecom Masters"]
[Site "Gibraltar"]
[Date "2008.01.22"]
[Round "1.15"]
[White "Petrosian, Tigran L"]
[Black "Amigues, Emmanuel"]
[Result "1-0"]
[WhiteElo "2606"]
[BlackElo "2378"]
[PlyCount "43"]
[EventDate "2008.01.22"]

1. e4 e5 2. Nf3 Nf6 3. Nxe5 d6 4. Nc4 Nxe4 5. Nc3 Nxc3 6. bxc3 d5 7. Ne3 Be7 8.
d4 c6 9. Bd3 O-O 10. O-O Re8 11. c4 Bf6 12. cxd5 cxd5 13. c3 Be6 14. Rb1 Re7
15. f4 a6 16. Qf3 Qa5 17. Rb3 Nc6 18. f5 Bxd4 19. fxe6 Ne5 20. Bxh7+ Kxh7 21.
Qh5+ Kg8 22. cxd4 1-0

[Event "Gibtelecom Masters"]
[Site "Gibraltar"]
[Date "2008.01.22"]
[Round "1.16"]
[White "Caspi, Israel"]
[Black "Malakhatko, Vadim"]
[Result "0-1"]
[WhiteElo "2378"]
[BlackElo "2600"]
[PlyCount "138"]
[EventDate "2008.01.22"]

1. e4 e6 2. d4 d5 3. Nd2 c5 4. exd5 Qxd5 5. Ngf3 cxd4 6. Bc4 Qd6 7. O-O Nf6 8.
Nb3 Nc6 9. Nbxd4 Nxd4 10. Nxd4 a6 11. Bb3 Bd7 12. c3 Qc7 13. Bg5 O-O-O 14. Bxf6
gxf6 15. Qh5 Be8 16. Rad1 Kb8 17. Rfe1 Rc8 18. Rd3 f5 19. Qg5 h5 20. Bd1 h4 21.
Rh3 Qd8 22. Qe3 Bg7 23. Nf3 Bf6 24. Ne5 Qc7 25. f4 Be7 26. b4 Rg8 27. a3 Bd6
28. Rxh4 Qxc3 29. Rh3 Qc7 30. Rh7 Bxe5 31. fxe5 Bc6 32. Bf3 Bxf3 33. Qxf3 Qb6+
34. Kh1 Rc7 35. Qe2 Rg4 36. Qd2 Qc6 37. Rg1 Rd7 38. Rh8+ Ka7 39. Qe3+ b6 40. h3
Rc4 41. Qg5 Qd5 42. Qg8 Qb7 43. Rb1 Rc3 44. Kh2 f4 45. Rb2 f3 46. a4 Rdc7 47.
Rf2 Rc8 48. Qh7 R8c7 49. Qg8 Rc8 50. Qh7 Rxh8 51. Qxh8 fxg2 52. Qg7 g1=Q+ 53.
Kxg1 Rc1+ 54. Rf1 Rc7 55. Qg2 Qb8 56. a5 Qd8 57. Qf2 Rb7 58. h4 Kb8 59. axb6
Rd7 60. Qc5 Qxh4 61. Rc1 Qd8 62. Kf1 Rd5 63. Qc3 Rb5 64. Qf3 Rxe5 65. Qg3 Qf6+
66. Kg2 Qg5 67. Rc4 Kb7 68. Rc7+ Kxb6 69. Rxf7 Re2+ 0-1

[Event "Gibtelecom Masters"]
[Site "Gibraltar"]
[Date "2008.01.22"]
[Round "1.18"]
[White "Welling, Gerard"]
[Black "Sandipan, Chanda"]
[Result "1/2-1/2"]
[WhiteElo "2371"]
[BlackElo "2593"]
[PlyCount "98"]
[EventDate "2008.01.22"]

1. b3 Nf6 2. Bb2 e6 3. Nf3 Be7 4. c4 d5 5. g3 c5 6. Bg2 Nc6 7. O-O O-O 8. e3 b6
9. Nc3 Bb7 10. cxd5 exd5 11. d4 Re8 12. Rc1 Bf8 13. dxc5 bxc5 14. Na4 Ne4 15.
Nd2 Ba6 16. Nxe4 dxe4 17. Qxd8 Raxd8 18. Rfd1 f5 19. Bc3 h5 20. Bf1 Bxf1 21.
Kxf1 Kf7 22. h4 Rxd1+ 23. Rxd1 Rd8 24. Rxd8 Nxd8 25. Ke2 Ke6 26. Nb2 g6 27. Nc4
Nc6 28. Nd2 Bd6 29. Nc4 Kd5 30. Kd2 Nb8 31. Bf6 Nd7 32. Bg7 Bc7 33. Bc3 Bd8 34.
Ke2 Ke6 35. Kd2 Bc7 36. Ke2 Nb6 37. Kd2 Kd7 38. Bg7 Nxc4+ 39. bxc4 Ba5+ 40. Bc3
Bb4 41. Kc2 a5 42. a3 Bxc3 43. Kxc3 a4 44. Kd2 Ke6 45. Ke2 Kf6 46. f4 exf3+ 47.
Kxf3 Ke5 48. Kf2 Ke6 49. Kf3 Ke5 1/2-1/2

[Event "Gibtelecom Masters"]
[Site "Gibraltar"]
[Date "2008.01.22"]
[Round "1.19"]
[White "Banikas, Hristos"]
[Black "Quillan, Gary"]
[Result "1-0"]
[WhiteElo "2592"]
[BlackElo "2362"]
[PlyCount "81"]
[EventDate "2008.01.22"]

1. d4 e6 2. Nf3 Nf6 3. c4 Bb4+ 4. Bd2 Qe7 5. g3 Nc6 6. Nc3 Bxc3 7. Bxc3 Ne4 8.
Rc1 O-O 9. Bg2 d6 10. d5 Nxc3 11. Rxc3 Nb8 12. O-O e5 13. Nd2 Nd7 14. b4 f5 15.
Qc2 e4 16. Nb3 Nf6 17. f3 exf3 18. exf3 f4 19. Qd2 fxg3 20. hxg3 Qf7 21. Nd4
Qg6 22. f4 Bf5 23. Re1 Ng4 24. Ne6 Rf7 25. Ng5 Rff8 26. Re7 Rac8 27. Ne6 Rf7
28. Rxf7 Qxf7 29. Bf3 Re8 30. Nd4 Qg6 31. a3 Be4 32. Bxg4 Qxg4 33. Re3 Qh5 34.
Qe2 Qh1+ 35. Kf2 Qh2+ 36. Ke1 Qh1+ 37. Kd2 c6 38. Qe1 Qxe1+ 39. Rxe1 cxd5 40.
cxd5 Kf7 41. Nb5 1-0

[Event "Gibtelecom Masters"]
[Site "Gibraltar"]
[Date "2008.01.22"]
[Round "1.20"]
[White "Devereaux, Maxim L"]
[Black "Kritz, Leonid"]
[Result "1/2-1/2"]
[WhiteElo "2348"]
[BlackElo "2592"]
[PlyCount "59"]
[EventDate "2008.01.22"]

1. d4 Nf6 2. c4 c6 3. Nf3 d5 4. e3 a6 5. Qc2 Bg4 6. Ne5 Bh5 7. Qb3 Qc7 8. Nc3
e6 9. Bd2 Nbd7 10. f4 Be7 11. Rc1 Rc8 12. cxd5 exd5 13. Bd3 Qb8 14. Bf5 Bg6 15.
Bh3 Nxe5 16. dxe5 Nd7 17. Bxd7+ Kxd7 18. O-O Rhd8 19. f5 Bh5 20. e4 Qxe5 21.
Kh1 Qd4 22. Nxd5 cxd5 23. Qxb7+ Ke8 24. Rxc8 Qxd2 25. Qc6+ Kf8 26. Rxd8+ Bxd8
27. Qd6+ Ke8 28. Qc6+ Kf8 29. Qd6+ Ke8 30. Qc6+ 1/2-1/2

[Event "Gibtelecom Masters"]
[Site "Gibraltar"]
[Date "2008.01.22"]
[Round "1.25"]
[White "Sulskis, Sarunas"]
[Black "Dimitrov, Radoslav"]
[Result "1-0"]
[WhiteElo "2553"]
[BlackElo "2341"]
[PlyCount "51"]
[EventDate "2008.01.22"]

1. e4 c6 2. d4 d5 3. e5 Bf5 4. Be3 e6 5. Nd2 c5 6. dxc5 Nc6 7. Ngf3 d4 8. Bg5
f6 9. exf6 gxf6 10. Bh4 Bxc5 11. Bd3 Bxd3 12. cxd3 Qd5 13. O-O O-O-O 14. Re1
Be7 15. Rc1 e5 16. Bg3 Bb4 17. Nxe5 fxe5 18. Rxe5 Qd7 19. Ne4 Nh6 20. Qa4 Nf7
21. Qxb4 Nfxe5 22. Bxe5 Rhf8 23. h3 Qf5 24. Nd6+ Rxd6 25. Qxd6 Qf7 26. Qb8+ 1-0

[Event "Gibtelecom Masters"]
[Site "Gibraltar"]
[Date "2008.01.22"]
[Round "1.28"]
[White "Ly, Moulthun"]
[Black "Hillarp Persson, Tiger"]
[Result "1/2-1/2"]
[WhiteElo "2319"]
[BlackElo "2535"]
[PlyCount "91"]
[EventDate "2008.01.22"]

1. e4 c5 2. Nf3 d6 3. d4 cxd4 4. Nxd4 Nf6 5. Nc3 a6 6. Be2 e5 7. Nb3 Be7 8. O-O
O-O 9. Kh1 Nc6 10. Bg5 Nxe4 11. Nxe4 Bxg5 12. Nxd6 Be7 13. Nxc8 Rxc8 14. c3 Qc7
15. Bd3 g6 16. Qe2 Nb8 17. Rad1 Nd7 18. f3 Nf6 19. Bc2 Rfe8 20. Nd2 Kg7 21. Bb3
Rcd8 22. Rfe1 Bf8 23. Ne4 Rxd1 24. Rxd1 Rd8 25. Nxf6 Rxd1+ 26. Qxd1 Kxf6 27.
Qd5 Bd6 28. g3 h5 29. Kg2 Kg7 30. a3 Bc5 31. Ba2 Be3 32. Qe4 Bc1 33. Qc2 Bg5
34. Qe4 Bc1 35. Qc2 Bg5 36. Qe4 f5 37. Qd5 Bf6 38. Qc4 Qxc4 39. Bxc4 Bg5 40.
Bd5 b6 41. a4 Bc1 42. b3 Bd2 43. c4 g5 44. h3 Kf6 45. Bc6 h4 46. gxh4 {
illegible} 1/2-1/2

[Event "Gibtelecom Masters"]
[Site "Gibraltar"]
[Date "2008.01.22"]
[Round "1.30"]
[White "Langer, Michael"]
[Black "Gopal, G.N."]
[Result "0-1"]
[WhiteElo "2314"]
[BlackElo "2528"]
[PlyCount "96"]
[EventDate "2008.01.22"]

1. e4 c5 2. Nf3 d6 3. d4 cxd4 4. Nxd4 Nf6 5. Nc3 a6 6. Bg5 e6 7. f4 Qc7 8. Bxf6
gxf6 9. Qd2 Nc6 10. O-O-O Bd7 11. Be2 h5 12. h4 Nxd4 13. Qxd4 Be7 14. Qd2 O-O-O
15. Rh3 Kb8 16. Rg3 Qc5 17. Rd3 Bc6 18. Bf3 f5 19. exf5 Bxf3 20. gxf3 Qxf5 21.
Ne2 Bxh4 22. Rh1 Be7 23. Nd4 Qc5 24. f5 e5 25. Nb3 Qb6 26. Na5 Bg5 27. Qxg5
Qxa5 28. Ra3 Qc5 29. Rc3 Qd5 30. Rxh5 Rhg8 31. Qe3 Qxa2 32. Ra3 Qc4 33. Kb1 Rh8
34. Rh6 Rxh6 35. Qxh6 Qc7 36. Rc3 Qe7 37. Rd3 d5 38. Qb6 Qd6 39. Qe3 f6 40. Qh6
Rg8 41. Qh7 Rg1+ 42. Ka2 d4 43. Qf7 Qc6 44. Qb3 Rf1 45. Qg8+ Ka7 46. Qg2 Rc1
47. c4 Qa4+ 48. Ra3 Qd1 0-1

[Event "Gibtelecom Masters"]
[Site "Gibraltar"]
[Date "2008.01.22"]
[Round "1.31"]
[White "Cramling, Pia"]
[Black "Thomassen, Joachim"]
[Result "1-0"]
[WhiteElo "2524"]
[BlackElo "2308"]
[PlyCount "37"]
[EventDate "2008.01.22"]

1. d4 d5 2. Nf3 Nf6 3. c4 c6 4. Qb3 dxc4 5. Qxc4 e6 6. Bg5 Nbd7 7. Nbd2 c5 8.
e3 b6 9. Ne4 Bb7 10. Bxf6 gxf6 11. dxc5 bxc5 12. O-O-O Qb6 13. Rxd7 Kxd7 14.
Nxf6+ Kc7 15. Ne5 Bd6 16. Nxf7 Rhf8 17. Qxe6 Rad8 18. Nxd8 Rxd8 19. Bc4 1-0

[Event "Gibtelecom Masters"]
[Site "Gibraltar"]
[Date "2008.01.22"]
[Round "1.32"]
[White "Vonthron, Horst"]
[Black "Zhao Xue"]
[Result "0-1"]
[WhiteElo "2308"]
[BlackElo "2517"]
[PlyCount "106"]
[EventDate "2008.01.22"]

1. e4 e5 2. Nf3 Nc6 3. Bb5 a6 4. Ba4 Nf6 5. O-O Be7 6. Re1 b5 7. Bb3 d6 8. c3
O-O 9. h3 Nb8 10. d4 Nbd7 11. Nbd2 Bb7 12. Bc2 c5 13. d5 c4 14. b4 cxb3 15.
axb3 Qc7 16. Bb2 g6 17. Nf1 Nh5 18. Ne3 Nb6 19. Rc1 Bc8 20. c4 bxc4 21. Bd3 Nf4
22. Bf1 Bd7 23. Ba3 f6 24. Nd2 c3 25. Ndc4 Nxc4 26. Nxc4 Bb5 27. Rxc3 Rfc8 28.
Nxd6 Qxc3 29. Nxb5 axb5 30. Bxe7 Kf7 31. d6 Rc5 32. Qb1 Qb4 33. Re3 Qd2 34. Qe1
Qd4 35. b4 Rcc8 36. g3 Nh5 37. Rd3 Qb6 38. Qb1 Rc4 39. Rf3 Qd4 40. Qb3 Ra1 41.
Rd3 Qxe4 42. Rd1 Rxd1 43. Qxd1 Rd4 44. Qc1 Nxg3 45. fxg3 Qf3 46. Qe1 Ke6 47.
Bf8 Re4 48. Qf2 Qxf2+ 49. Kxf2 Rxb4 50. Ke3 f5 51. Kd2 f4 52. Kc3 Rd4 53. g4
b4+ 0-1

[Event "Gibtelecom Masters"]
[Site "Gibraltar"]
[Date "2008.01.22"]
[Round "1.33"]
[White "Szabo, Krisztian"]
[Black "Weeks, Manuel"]
[Result "1-0"]
[WhiteElo "2500"]
[BlackElo "2191"]
[PlyCount "119"]
[EventDate "2008.01.22"]

1. e4 e5 2. Nf3 Nc6 3. Bb5 a6 4. Ba4 Nf6 5. O-O Be7 6. Re1 b5 7. Bb3 d6 8. c3
O-O 9. h3 Na5 10. Bc2 c5 11. d4 Nd7 12. d5 Nb6 13. Nbd2 f5 14. Nf1 f4 15. a4
Bd7 16. b4 cxb4 17. cxb4 Nac4 18. a5 Nc8 19. Qd3 Ra7 20. Bb3 Rc7 21. N1d2 Nxd2
22. Bxd2 Kh8 23. Rac1 Na7 24. Nh2 Qb8 25. Qf3 Rxc1 26. Rxc1 Rc8 27. Re1 Rc7 28.
g3 g5 29. Kh1 Qf8 30. gxf4 gxf4 31. Ng4 Rc8 32. Rg1 Re8 33. Bc3 Bd8 34. Bb2 Nc8
35. Kh2 Bh4 36. Rg2 Bd8 37. Kg1 Bh4 38. Kf1 Bd8 39. Ke2 Bh4 40. Rg1 Bd8 41. Kd2
Bh4 42. Bc3 Bd8 43. Kc2 Bh4 44. Kb2 Bd8 45. Ka2 Bh4 46. Bb2 Bd8 47. Qg2 Bh4 48.
Bd1 Bd8 49. Nh2 Re7 50. Bg4 Rg7 51. Qf3 Ne7 52. Rc1 Bxg4 53. Nxg4 Rg5 54. h4
Rg6 55. Nxe5 dxe5 56. Bxe5+ Kg8 57. d6 Nf5 58. Qb3+ Qf7 59. exf5 Rg2 60. Rc8
1-0

[Event "Gibtelecom Masters"]
[Site "Gibraltar"]
[Date "2008.01.22"]
[Round "1.34"]
[White "Jaksland, Tim"]
[Black "Leon Hoyos, Manuel"]
[Result "1/2-1/2"]
[WhiteElo "2294"]
[BlackElo "2495"]
[PlyCount "143"]
[EventDate "2008.01.22"]

1. e4 c5 2. Nf3 e6 3. b3 b6 4. Bb2 Bb7 5. Nc3 Nc6 6. Bb5 Nf6 7. O-O Bd6 8. Bxc6
Bxc6 9. Qe2 Qb8 10. g3 Be7 11. d4 O-O 12. Rad1 d6 13. d5 Bb7 14. dxe6 fxe6 15.
Ng5 Qc8 16. f4 h6 17. Nf3 Ba6 18. Nb5 Qc6 19. c4 Nxe4 20. Nc3 Bb7 21. Rde1 Nf6
22. Qxe6+ Rf7 23. Rd1 Re8 24. Nd5 Bd8 25. Qh3 b5 26. Qg2 bxc4 27. bxc4 Nxd5 28.
cxd5 Qb5 29. Rf2 Rfe7 30. Qf1 Qa4 31. Rdd2 Qe4 32. Qb5 Bxd5 33. Rde2 Qxe2 34.
Rxe2 Rxe2 35. Be5 R8xe5 36. Nxe5 Rg2+ 37. Kf1 dxe5 38. Qe8+ Kh7 39. Qxd8 Rd2
40. Qa5 Bc4+ 41. Ke1 Re2+ 42. Kd1 Rxa2 43. Qxc5 Bb3+ 44. Ke1 exf4 45. Qf5+ Kh8
46. Qxf4 Bg8 47. g4 Ra1+ 48. Kd2 Rg1 49. h4 a5 50. g5 h5 51. Qa4 Rg4 52. Qxa5
Rxh4 53. g6 Rd4+ 54. Ke3 Rd5 55. Qc7 Rg5 56. Qd6 Rf5 57. Qg3 Ra5 58. Qf4 Be6
59. Qf8+ Bg8 60. Kf4 Rd5 61. Qe8 Rc5 62. Kg3 Rc4 63. Kh2 Rh4+ 64. Kg3 Rg4+ 65.
Kh3 Rd4 66. Qe3 Rd5 67. Kh4 Rf5 68. Qe4 Rc5 69. Qe8 Rf5 70. Qd8 Rd5 71. Qc8 Ra5
72. Qd8 1/2-1/2

[Event "Gibtelecom Masters"]
[Site "Gibraltar"]
[Date "2008.01.22"]
[Round "1.36"]
[White "Rodriguez Lopez, Rafael"]
[Black "Karlsson, Lars"]
[Result "0-1"]
[WhiteElo "2285"]
[BlackElo "2488"]
[PlyCount "80"]
[EventDate "2008.01.22"]

1. d4 Nc6 2. Nf3 d5 3. Bf4 Bg4 4. e3 e6 5. c4 Nf6 6. Nc3 Bb4 7. Bg5 h6 8. Bxf6
Qxf6 9. cxd5 Bxf3 10. Qxf3 Qxf3 11. gxf3 exd5 12. Rc1 Ne7 13. a3 Bxc3+ 14. Rxc3
c6 15. b4 a6 16. a4 Kd7 17. Bd3 g5 18. h4 f5 19. hxg5 hxg5 20. Rxh8 Rxh8 21.
Ke2 Rh1 22. b5 Ra1 23. bxc6+ bxc6 24. Bxa6 Rxa4 25. Bd3 f4 26. Rc1 Ra2+ 27. Rc2
Rxc2+ 28. Bxc2 Kd6 29. Kf1 c5 30. dxc5+ Kxc5 31. Kg2 Nc6 32. Kh3 Ne5 33. exf4
gxf4 34. Kh4 d4 35. Kg5 d3 36. Bd1 Kd4 37. Kxf4 Nc4 38. Kg3 Nb2 39. f4 Nxd1 40.
f5 Nc3 0-1

[Event "Gibtelecom Masters"]
[Site "Gibraltar"]
[Date "2008.01.22"]
[Round "1.37"]
[White "Zhao, Zong-Yuan"]
[Black "Forsaa, Espen"]
[Result "1-0"]
[WhiteElo "2487"]
[BlackElo "2285"]
[PlyCount "83"]
[EventDate "2008.01.22"]

1. Nf3 Nf6 2. c4 e6 3. Nc3 d5 4. d4 Bb4 5. cxd5 exd5 6. Bg5 O-O 7. Qc2 Nbd7 8.
a3 Bxc3+ 9. Qxc3 h6 10. Bh4 c6 11. e3 Ne4 12. Qc2 Ndf6 13. Bd3 Bf5 14. Ne5 g5
15. Bg3 Nxg3 16. hxg3 Bxd3 17. Qxd3 Kg7 18. f3 Rh8 19. O-O-O Nd7 20. f4 Nxe5
21. fxe5 f6 22. e4 Re8 23. exd5 cxd5 24. Rxh6 Kxh6 25. Rh1+ Kg7 26. Rh7+ Kf8
27. Qg6 Rc8+ 28. Kb1 Rc7 29. Rh8+ Ke7 30. Qxf6+ Kd7 31. Qf5+ Kc6 32. Qg6+ Kb5
33. Rxe8 Qd7 34. Re6 Kc4 35. Qc2+ Kxd4 36. Qd2+ Ke4 37. Qe2+ Kd4 38. Qd2+ Ke4
39. Rf6 Qb5 40. Rf4+ Kxe5 41. Qe3+ Kd6 42. Rf6+ 1-0

[Event "Gibtelecom Masters"]
[Site "Gibraltar"]
[Date "2008.01.22"]
[Round "1.38"]
[White "Revesz, Zoltan"]
[Black "Al Sayed, Mohamad N"]
[Result "0-1"]
[WhiteElo "2283"]
[BlackElo "2486"]
[PlyCount "92"]
[EventDate "2008.01.22"]

1. e4 c6 2. d4 d5 3. Nc3 dxe4 4. Nxe4 Bf5 5. Ng3 Bg6 6. Nf3 Nd7 7. h4 h6 8. h5
Bh7 9. Bd3 Bxd3 10. Qxd3 e6 11. Bf4 Qa5+ 12. Bd2 Bb4 13. Ne4 Ngf6 14. Nd6+ Ke7
15. Nc4 Bxd2+ 16. Nfxd2 Qc7 17. O-O-O b5 18. Qa3+ c5 19. dxc5 Qxc5 20. Qxc5+
Nxc5 21. Ne5 Rhc8 22. Rh4 Rc7 23. c3 a5 24. f3 a4 25. a3 Rd8 26. Kc2 Nfd7 27.
Re1 Nxe5 28. Rxe5 f5 29. Re2 Nd3 30. f4 Kf6 31. Nf3 b4 32. Rd2 b3+ 33. Kb1 Rd5
34. g3 Ne1 35. Rxd5 Nxf3 36. Rb5 Nxh4 37. gxh4 g5 38. hxg6 Kxg6 39. Rb6 Kh5 40.
Rb4 Ra7 41. Rb6 Rg7 42. Kc1 Rg1+ 43. Kd2 Rg2+ 44. Kd3 Rxb2 45. Rb4 Rb1 46. Rxa4
Rd1+ 0-1

[Event "Gibtelecom Masters"]
[Site "Gibraltar"]
[Date "2008.01.22"]
[Round "1.39"]
[White "Socko, Monika"]
[Black "Zuse, Klaus-Peter"]
[Result "1-0"]
[WhiteElo "2479"]
[BlackElo "2274"]
[PlyCount "81"]
[EventDate "2008.01.22"]

1. d4 Nf6 2. c4 g6 3. Nc3 d5 4. Nf3 Bg7 5. e3 O-O 6. b4 b6 7. Ba3 e6 8. Qb3 Bb7
9. Be2 Nbd7 10. O-O Re8 11. Rfd1 c6 12. Rac1 Ne4 13. Nxe4 dxe4 14. Nd2 f5 15.
f3 exf3 16. Bxf3 Nf6 17. b5 Qd7 18. c5 bxc5 19. Nc4 Nd5 20. dxc5 Red8 21. Nd6
Rab8 22. Bb2 Ba8 23. a4 Qe7 24. Re1 Nf6 25. e4 fxe4 26. Bxf6 Bxf6 27. Rxe4 cxb5
28. Rxe6 bxa4 29. Qc4 Rb4 30. Qe2 Qf8 31. Bxa8 Rxa8 32. Rf1 Bd4+ 33. Kh1 Bf2
34. Ne4 a3 35. Nf6+ Kf7 36. Nd7 Qd8 37. Qxf2+ Kg7 38. Qf7+ Kh6 39. Nf6 Qd4 40.
Qxh7+ Kg5 41. Ne4+ 1-0

[Event "Gibtelecom Masters"]
[Site "Gibraltar"]
[Date "2008.01.22"]
[Round "1.40"]
[White "Tscharotschkin, Michael"]
[Black "Cmilyte, Viktorija"]
[Result "0-1"]
[WhiteElo "2272"]
[BlackElo "2475"]
[PlyCount "62"]
[EventDate "2008.01.22"]

1. e4 c5 2. c3 d5 3. exd5 Qxd5 4. d4 g6 5. Nf3 Bg7 6. Be3 Nf6 7. Na3 cxd4 8.
Nb5 Na6 9. Bxd4 Bg4 10. Bxa7 Qe4+ 11. Qe2 Bxf3 12. gxf3 Qc6 13. Be3 O-O 14. Bg2
Nh5 15. O-O Nc7 16. Nxc7 Qxc7 17. Rfd1 Be5 18. h3 Ra5 19. Qd3 Bh2+ 20. Kh1 Bd6
21. a3 Rf5 22. Qe2 Bc5 23. Bxc5 Rxc5 24. Rd4 Nf4 25. Qd2 Rf5 26. Rd7 Qc6 27.
Rxe7 Nxg2 28. Kxg2 Qxf3+ 29. Kg1 Qxh3 30. Qe3 Qg4+ 31. Kf1 Rh5 0-1

[Event "Gibtelecom Masters"]
[Site "Gibraltar"]
[Date "2008.01.22"]
[Round "1.44"]
[White "Rosberg, Simon"]
[Black "Bellon Lopez, Juan Manuel"]
[Result "1-0"]
[WhiteElo "2246"]
[BlackElo "2455"]
[PlyCount "95"]
[EventDate "2008.01.22"]

1. d4 Nf6 2. c4 c5 3. Nf3 cxd4 4. Nxd4 e5 5. Nb5 d5 6. cxd5 Bc5 7. N5c3 O-O 8.
e3 e4 9. Be2 Na6 10. a3 Nc7 11. b4 Bd6 12. Ra2 Qe7 13. Rd2 Rd8 14. Bb2 a5 15.
b5 b6 16. Bc4 Bg4 17. Qb3 Nd7 18. Na4 Rab8 19. Nbc3 Ne8 20. Ne2 Bxe2 21. Bxe2
Qg5 22. O-O Nef6 23. Rc1 Ne5 24. Bxe5 Qxe5 25. g3 Nd7 26. Rc6 Qe7 27. Qc3 g6
28. Qd4 h5 29. Rdc2 h4 30. Nxb6 Rxb6 31. Rxb6 Be5 32. Rxg6+ fxg6 33. Qxe4 Kg7
34. Bd3 Nf8 35. b6 Qd6 36. Rc7+ Rd7 37. Rxd7+ Nxd7 38. f4 Bb2 39. b7 Bxa3 40.
gxh4 Bc5 41. h5 Ba7 42. Bb5 Kf8 43. Bxd7 Qxd7 44. Qe5 Qb5 45. h6 Bxe3+ 46. Qxe3
Qxb7 47. d6 Qb1+ 48. Kf2 1-0